000 00543nam a2200229Ia 4500
003 OSt
005 20221005120521.0
006 a|||||r|||| 00| 0
007 ta
008 221004b |||||||| |||| 00| 0 eng d
024 _a117750
037 _cTextual
040 _aCRL
_cCRL
_beng
041 _2eng
_aeng
100 _aGupta S C
245 0 _aElements of mathematical statistics
260 _c1973
650 _aMATHEMATICS
700 _a Kapoor V K
942 _cTEXL
_2cc
999 _c1038326
_d1038326